Vom Kleingewerbe Zur Großindustrie : Quantitativ-Regionale und Politisch-rechtliche Aspekte Zur Erforschung der Wirtschafts- und Gesellschaftsstruktur Im 19. Jahrhundert.

Bibliographic Details
Main Author: Winkel, Harald.
Format: eBook
Language:German
Published: Berlin : Duncker & Humblot, 1975.
Edition:1st ed.
Series:Schriften des Vereins Für Socialpolitik Series
Subjects:
Online Access:Click to View
LEADER 03550nam a22003853i 4500
001 EBC7100918
003 MiAaPQ
005 20240729202203.0
006 m o d |
007 cr cnu||||||||
008 240729s1975 xx o ||||0 ger d
020 |a 9783428434275  |q (electronic bk.) 
020 |z 9783428034277 
035 |a (MiAaPQ)EBC7100918 
035 |a (Au-PeEL)EBL7100918 
035 |a (OCoLC)1347028808 
040 |a MiAaPQ  |b eng  |e rda  |e pn  |c MiAaPQ  |d MiAaPQ 
100 1 |a Winkel, Harald. 
245 1 0 |a Vom Kleingewerbe Zur Großindustrie :  |b Quantitativ-Regionale und Politisch-rechtliche Aspekte Zur Erforschung der Wirtschafts- und Gesellschaftsstruktur Im 19. Jahrhundert. 
250 |a 1st ed. 
264 1 |a Berlin :  |b Duncker & Humblot,  |c 1975. 
264 4 |c {copy}1975. 
300 |a 1 online resource (260 pages) 
336 |a text  |b txt  |2 rdacontent 
337 |a computer  |b c  |2 rdamedia 
338 |a online resource  |b cr  |2 rdacarrier 
490 1 |a Schriften des Vereins Für Socialpolitik Series 
505 0 |a Intro -- Vorwort -- Inhaltsverzeichnis -- Hans-Jürgen Teuteberg, Münster: Das deutsche und britische Wollgewerbe um die Mitte des 19. Jahrhunderts. Ein Beitrag zur quantitativ-komparativen Wirtschaftsgeschichte -- 1. Zur Entstehung und regionalen Standortverteilung des Wollgewerbes -- 2. Schafzucht, Wollproduktion und Wollhandel -- 3. Das Eindringen neuer Produktionsmethoden und die Phasen der Mechanisierung -- 4. Wollgarnspinnerei -- 5. Wollweberei -- 6. Wollwarenausfuhr -- Zusammenfassung -- Gustav Otruba, Wien: Quantitative, strukturelle und regionale Dynamik des Industrialisierungsprozesses in Österreich-Ungarn vom Ausgang des 18. Jahrhunderts bis zum Ausbruch des Ersten Weltkrieges -- Karl Heinrich Kauf hold, Göttingen: Die Auswirkungen der Einschränkung der Gewerbefreiheit in Preußen durch die Verordnung vom 9. Februar 1849 auf das Handwerk -- I. -- II. -- III. -- Fritz Blaich, Regensburg: Ökonomische und politische Hintergründe des "Gesetzes über den Absatz von Kalisalzen" vom 25.5.1910 -- Jürgen Kocka, Bielefeld: Expansion - Integration - Diversifikation. Wachstumsstrategien industrieller Großunternehmen in Deutschland vor 1914 -- I. -- II. -- III. -- IV. -- V. -- Diedrich Saalfeld, Göttingen: Methodische Darlegungen zur Einkommensentwicklung und Sozialstruktur 1760-1860 am Beispiel einiger deutscher Städte -- 1. Zielsetzung und Problematik -- 2. Einkommensverhältnisse und Lebenshaltungskosten in deutschen Städten 1750-1860 -- 2.1 Der Preis-Lohn-Vergleich -- 2.2 Die Lohn- und Einkommensdifferenzierung -- 2.3 Der sektorale Lohnvergleich und das Existenzminimum -- 2.4 Konsumgewohnheiten und Lebensstandard -- 3. Strukturdaten zur sozialen Schichtung der frühindustriellen Gesellschaft -- 4. Die Einkommensverteilung als Kriterium der sozialen Schichtung städtischer Populationen -- Anlage 1 -- Anlage 2 -- Anlage 3. 
588 |a Description based on publisher supplied metadata and other sources. 
590 |a Electronic reproduction. Ann Arbor, Michigan : ProQuest Ebook Central, 2024. Available via World Wide Web. Access may be limited to ProQuest Ebook Central affiliated libraries.  
655 4 |a Electronic books. 
776 0 8 |i Print version:  |a Winkel, Harald  |t Vom Kleingewerbe Zur Großindustrie  |d Berlin : Duncker & Humblot,c1975  |z 9783428034277 
797 2 |a ProQuest (Firm) 
830 0 |a Schriften des Vereins Für Socialpolitik Series 
856 4 0 |u https://ebookcentral.proquest.com/lib/matrademy/detail.action?docID=7100918  |z Click to View